রক্তকমল/ (Record no. 112191)
[ view plain ]
| 000 -LEADER | |
|---|---|
| fixed length control field | 00592nam a22001697a 4500 |
| 003 - CONTROL NUMBER IDENTIFIER | |
| control field | BD-ChCU |
| 005 - DATE AND TIME OF LATEST TRANSACTION | |
| control field | 20260413144859.0 |
| 008 - FIXED-LENGTH DATA ELEMENTS--GENERAL INFORMATION | |
| fixed length control field | 260413b bg ||||| |||| 00| 0 ben d |
| 040 ## - CATALOGING SOURCE | |
| Transcribing agency | BD-ChCU |
| 082 ## - DEWEY DECIMAL CLASSIFICATION NUMBER | |
| Classification number | ৮১৩.০১ মিত্র ৪১ র |
| 100 ## - MAIN ENTRY--PERSONAL NAME | |
| Personal name | মিত্র,গজেন্দ্রকুমার |
| 9 (RLIN) | 21458 |
| 245 ## - TITLE STATEMENT | |
| Title | রক্তকমল/ |
| Statement of responsibility, etc. | গজেন্দ্রকুমার মিত্র |
| 260 ## - PUBLICATION, DISTRIBUTION, ETC. | |
| Place of publication, distribution, etc. | কলিকাতা: |
| Date of publication, distribution, etc. | ১৯;...? |
| 300 ## - PHYSICAL DESCRIPTION | |
| Extent | ১৬৩পৃ. |
| 650 #0 - SUBJECT ADDED ENTRY--TOPICAL TERM | |
| Topical term or geographic name entry element | বাংলা ছোটগল্প |
| 9 (RLIN) | 21459 |
| 942 ## - ADDED ENTRY ELEMENTS (KOHA) | |
| Source of classification or shelving scheme | Dewey Decimal Classification |
| Koha item type | Books |
| Suppress in OPAC | No |
| Withdrawn status | Lost status | Source of classification or shelving scheme | Damaged status | Not for loan | Home library | Current library | Shelving location | Date acquired | Source of acquisition | Total Checkouts | Full call number | Barcode | Date last seen | Price effective from | Koha item type | Public note |
|---|---|---|---|---|---|---|---|---|---|---|---|---|---|---|---|---|
| Dewey Decimal Classification | Chittagong University Library | Chittagong University Library | Rare Section | 04/13/2026 | অনুদান | ৮১৩.০১ মিত্র ৪১ র | 174089 | 04/13/2026 | 04/13/2026 | Books | ড. রশীদ আল ফারুকী প্রদত্ত |